[Event "DEN-chT 2324 61st"]
[Site "Denmark"]
[Date "2023.12.10"]
[Round "4.4"]
[White "Nord, Alexander"]
[Black "Schmidt, Kresten"]
[Result "1-0"]
[WhiteElo "2201"]
[BlackElo "2282"]
[PlyCount "67"]
[EventDate "2023.10.28"]
[EventType "team-tourn"]
[EventRounds "9"]
[EventCountry "DEN"]
[SourceTitle "CB11_2024"]
[SourceDate "2024.03.13"]
[SourceVersion "1"]
[SourceVersionDate "2024.03.13"]
[SourceQuality "1"]
[WhiteTeam "Koge"]
[BlackTeam "Nordkalotten"]
[WhiteTeamCountry "DEN"]
[BlackTeamCountry "DEN"]

1. d4 Nf6 2. Nf3 d6 3. g3 g6 4. Bg2 Bg7 5. 0-0 0-0 6. b3 c5 7. Bb2 cxd4 8. Nxd4 Qb6 9. c4 Nc6 10. Nc2 Be6 11. Nd2 Rfd8 12. e4 Nxe4 13. Bxg7 Nxd2 14. Qxd2 Kxg7 15. Rfe1 Re8 16. h4 Qc5 17. Bxc6 Qxc6 18. Nd4 Qd7 19. Nxe6+ fxe6 20. Qd4+ Kg8 21. Qg4 Rf8 22. Rxe6 Rf6 23. Rae1 Raf8 24. f4 h5 25. Qe2 Rxe6 26. Qxe6+ Qxe6 27. Rxe6 Kf7 28. Re2 a6 29. Kf2 e5 30. Kf3 Ke6 31. Ke4 exf4 32. gxf4 b5 33. Rg2 Rf6 34. Rxg6 1-0

[Event "Copenhagen GoAudit op"]
[Site "Copenhagen"]
[Date "2023.11.11"]
[Round "5"]
[White "Schmidt, Kresten"]
[Black "Vasli, Aref"]
[Result "0-1"]
[WhiteElo "2282"]
[BlackElo "2392"]
[PlyCount "58"]
[EventDate "2023.11.10"]
[EventType "swiss"]
[EventRounds "7"]
[EventCountry "DEN"]
[SourceTitle "CB47_2023"]
[SourceDate "2023.11.22"]
[SourceVersion "1"]
[SourceVersionDate "2023.11.22"]
[SourceQuality "1"]

1. e4 e5 2. Nf3 Nc6 3. Bb5 a6 4. Ba4 Nf6 5. 0-0 b5 6. Bb3 Bb7 7. Re1 Bc5 8. c3 d6 9. d4 Bb6 10. a4 h6 11. Na3 0-0 12. h3 exd4 13. cxd4 Re8 14. d5 Nb4 15. Nc2 Nxe4 16. Be3 Nxc2 17. Bxc2 Bxe3 18. Rxe3 Nf6 19. Rd3 Re4 20. Nd4 Re5 21. Bb3 Qe8 22. Rc1 Bxd5 23. Bxd5 Rxd5 24. Rxc7 Qe4 25. Rd2 bxa4 26. Nc6 Re8 27. Rxd5 Nxd5 28. Rd7 Nf4 29. Qg4 Ne2+ 0-1

[Event "Copenhagen GoAudit op"]
[Site "Copenhagen"]
[Date "2023.11.10"]
[Round "2"]
[White "Hector, Jonny"]
[Black "Schmidt, Kresten"]
[Result "1-0"]
[WhiteElo "2437"]
[BlackElo "2282"]
[PlyCount "95"]
[EventDate "2023.11.10"]
[EventType "swiss"]
[EventRounds "7"]
[EventCountry "DEN"]
[SourceTitle "CB47_2023"]
[SourceDate "2023.11.22"]
[SourceVersion "1"]
[SourceVersionDate "2023.11.22"]
[SourceQuality "1"]

1. e4 d6 2. d4 Nf6 3. Nc3 g6 4. f4 Bg7 5. Nf3 0-0 6. e5 dxe5 7. dxe5 Qxd1+ 8. Kxd1 Rd8+ 9. Ke1 Nd5 10. Nxd5 Rxd5 11. Be3 Nc6 12. Bc4 Rd8 13. Ng5 e6 14. Kf2 b6 15. c3 Bb7 16. Rhd1 h6 17. Nf3 a6 18. a4 Ne7 19. a5 b5 20. Be2 Bf8 21. Bc5 Nd5 22. Bxf8 Kxf8 23. g3 c5 24. c4 bxc4 25. Bxc4 Nb4 26. Rac1 Ke7 27. Nd2 Bd5 28. Be2 Rac8 29. Rc3 Rc6 30. Nf1 Rb8 31. Rd2 Na2 32. Ra3 Nc1 33. Bd1 c4 34. Ne3 Nd3+ 35. Kf1 Be4 36. Rc3 Rxb2 37. Rxb2 Nxb2 38. Be2 Bd5 39. Ke1 Na4 40. Ra3 Nb2 41. Kd2 Be4 42. Kc3 Nd3 43. Nxc4 Nc5 44. Kd4 Bd5 45. Nb6 Nb3+ 46. Ke3 Nc5 47. Rc3 Nb3 48. Nxd5+ 1-0

[Event "DEN-chT 2223 60th"]
[Site "Denmark"]
[Date "2023.03.05"]
[Round "7.3"]
[White "Schmidt, Kresten"]
[Black "Aabling Thomsen, Jakob"]
[Result "1/2-1/2"]
[WhiteElo "2273"]
[BlackElo "2349"]
[PlyCount "203"]
[EventDate "2022.10.29"]
[EventType "team-tourn"]
[EventRounds "9"]
[EventCountry "DEN"]
[SourceTitle "CBM 213 Extra"]
[Source "ChessBase"]
[SourceDate "2023.05.31"]
[SourceVersion "1"]
[SourceVersionDate "2023.05.31"]
[SourceQuality "1"]
[WhiteTeam "Nordkalotten"]
[BlackTeam "Bronshoj"]
[WhiteTeamCountry "DEN"]
[BlackTeamCountry "DEN"]

1. e4 e5 2. Nf3 d5 3. Nxe5 Bd6 4. d4 dxe4 5. Nc4 Nf6 6. Be2 Nc6 7. c3 0-0 8. Bg5 Be7 9. Bxf6 Bxf6 10. Nbd2 Re8 11. 0-0 Bg5 12. f4 Bh6 13. Ne3 f5 14. g4 fxg4 15. Bxg4 Qh4 16. Bxc8 Raxc8 17. Qg4 Qf6 18. Rae1 Rcd8 19. Nec4 Nxd4 20. Nxe4 Qf5 21. Qxf5 Nxf5 22. Ne5 Nd6 23. Ng5 Bxg5 24. fxg5 Re6 25. Nf3 Rde8 26. Rxe6 Rxe6 27. Rf2 Ne4 28. Rg2 Nc5 29. Rd2 Kf7 30. Kg2 Ke7 31. h4 Re4 32. Kh3 Ne6 33. Kg3 h5 34. gxh6 gxh6 35. Rd5 Kf6 36. Rh5 Re2 37. Rxh6+ Kg7 38. Rh5 Rxb2 39. Ng5 Kg6 40. Rh8 Nxg5 41. Rg8+ Kf7 42. Rxg5 Rxa2 43. h5 Rc2 44. Rc5 c6 45. Kf4 Kf6 46. Kg4 Rc1 47. Kf4 a6 48. Kg4 Rg1+ 49. Kf4 Rb1 50. c4 Rc1 51. Ke4 Rc3 52. Rf5+ Ke6 53. Re5+ Kd6 54. Kd4 Ra3 55. Rg5 Kc7 56. Rg7+ Kb6 57. c5+ Ka7 58. h6 Rh3 59. h7 a5 60. Kc4 Ka6 61. Rf7 Ka7 62. Rg7 a4 63. Kb4 a3 64. Rg3 Rh4+ 65. Kxa3 Rxh7 66. Rg4 Ka6 67. Kb4 Rh1 68. Rg7 Rb1+ 69. Kc4 Ka5 70. Kd4 Ka4 71. Kc4 Rb4+ 72. Kc3 Rb5 73. Kc4 Ka5 74. Rh7 Rb1 75. Rg7 Rc1+ 76. Kd4 Ka6 77. Rh7 Rg1 78. Kc4 Rg4+ 79. Kd3 Ka7 80. Rh8 Rg7 81. Kc3 Rd7 82. Kc4 Rg7 83. Rh4 Ka6 84. Kb4 Rf7 85. Rg4 Ka7 86. Re4 Kb8 87. Rg4 Rd7 88. Rh4 Kc7 89. Rg4 Kd8 90. Rg8+ Ke7 91. Ka5 Ke6 92. Kb6 Kd5 93. Rg1 Kc4 94. Rc1+ Kb3 95. Rb1+ Kc3 96. Rc1+ Kb2 97. Rh1 Kc2 98. Rh3 Kb2 99. Rg3 Kc2 100. Rh3 Kb2 101. Rg3 Kc2 102. Rh3 1/2-1/2

[Event "DEN-chT 2223 60th"]
[Site "Denmark"]
[Date "2023.01.14"]
[Round "5.3"]
[White "Schmidt, Kresten"]
[Black "Abildlund, Jens"]
[Result "1/2-1/2"]
[WhiteElo "2273"]
[BlackElo "2183"]
[PlyCount "76"]
[EventDate "2022.10.29"]
[EventType "team-tourn"]
[EventRounds "9"]
[EventCountry "DEN"]
[SourceTitle "CBM 213 Extra"]
[Source "ChessBase"]
[SourceDate "2023.05.31"]
[SourceVersion "1"]
[SourceVersionDate "2023.05.31"]
[SourceQuality "1"]
[WhiteTeam "Nordkalotten"]
[BlackTeam "Nordre"]
[WhiteTeamCountry "DEN"]
[BlackTeamCountry "DEN"]

1. e4 d6 2. d4 e5 3. Nf3 Nc6 4. d5 Nce7 5. c4 Nf6 6. Nc3 Ng6 7. Be2 Be7 8. 0-0 0-0 9. Ne1 Nd7 10. Nd3 a5 11. Bg4 b6 12. Be3 Bg5 13. Qd2 Bxe3 14. Qxe3 Nc5 15. Bxc8 Qxc8 16. Nxc5 bxc5 17. f3 f5 18. exf5 Qxf5 19. g3 Rf7 20. Kg2 Raf8 21. Qe4 Ne7 22. Rae1 Qd7 23. Ne2 Qf5 24. Nc1 Qg5 25. Nd3 Nf5 26. f4 Qg4 27. Rf2 exf4 28. Rxf4 Nh4+ 29. Kh1 Rxf4 30. Nxf4 Nf3 31. Qe6+ Qxe6 32. Rxe6 Kf7 33. Re3 Ne5 34. b3 Ke7 35. Nd3 Rf3 36. Rxf3 Nxf3 37. Kg2 Nd4 38. Kf2 g5 1/2-1/2

[Event "DEN-chT 2223 60th"]
[Site "Denmark"]
[Date "2022.10.30"]
[Round "2.2"]
[White "Rewitz, Poul"]
[Black "Schmidt, Kresten"]
[Result "1/2-1/2"]
[WhiteElo "2172"]
[BlackElo "2273"]
[PlyCount "137"]
[EventDate "2022.10.29"]
[EventType "team-tourn"]
[EventRounds "9"]
[EventCountry "DEN"]
[SourceTitle "EXT 2024"]
[Source "ChessBase"]
[SourceDate "2023.10.10"]
[SourceVersion "1"]
[SourceVersionDate "2023.10.10"]
[SourceQuality "1"]
[WhiteTeam "Copenhagen 68"]
[BlackTeam "Nordkalotten"]
[WhiteTeamCountry "DEN"]
[BlackTeamCountry "DEN"]

1. g3 c5 2. Bg2 Nc6 3. Nf3 g6 4. d4 cxd4 5. Nxd4 Bg7 6. Nxc6 bxc6 7. 0-0 Nf6 8. c4 0-0 9. Nc3 Rb8 10. Qc2 Qc7 11. Bf4 e5 12. Bg5 d6 13. b3 h6 14. Bd2 d5 15. cxd5 cxd5 16. Rac1 Bf5 17. Qb2 Qd7 18. Rfd1 d4 19. Nb1 Be4 20. Bxe4 Nxe4 21. Qc2 f5 22. Qc6 Qf7 23. Qc4 Nd6 24. Qxf7+ Rxf7 25. Rc6 Rd7 26. Rdc1 Kf7 27. Ba5 Rbb7 28. Na3 e4 29. Kf1 d3 30. Rd1 Nb5 31. Nxb5 Rxb5 32. Rc7 Rxc7 33. Bxc7 Rd5 34. Bf4 g5 35. Bd2 Bb2 36. Rb1 Bd4 37. Rd1 Ke6 38. Rc1 dxe2+ 39. Kxe2 Bxf2 40. Rc6+ Kf7 41. Rxh6 g4 42. Ra6 Bg1 43. Be3 Bxe3 44. Kxe3 Rd3+ 45. Ke2 Rd7 46. b4 Rc7 47. b5 Ke7 48. a4 Kd8 49. Ke3 Kc8 50. Kf4 Rf7 51. Rc6+ Kb7 52. a5 Kb8 53. Re6 Kc7 54. Rc6+ Kb8 55. Rc5 Kb7 56. Rc3 Rc7 57. Rb3 Rc5 58. Rb1 a6 59. bxa6+ Kxa6 60. h3 gxh3 61. Rh1 Kxa5 62. Rxh3 Kb5 63. g4 fxg4 64. Re3 Rc4 65. Rxe4 Rxe4+ 66. Kxe4 g3 67. Ke3 g2 68. Kf2 g1Q+ 69. Kxg1 1/2-1/2

[Event "Copenhagen Obro op"]
[Site "Copenhagen"]
[Date "2022.08.26"]
[Round "7"]
[White "Schmidt, Kresten"]
[Black "Loftgaard, Mikkel Vinh"]
[Result "1-0"]
[WhiteElo "2273"]
[BlackElo "2238"]
[PlyCount "89"]
[EventDate "2022.08.22"]
[EventType "swiss"]
[EventRounds "9"]
[EventCountry "DEN"]
[SourceTitle "CBM 209 Extra"]
[Source "ChessBase"]
[SourceDate "2022.09.30"]
[SourceVersion "1"]
[SourceVersionDate "2022.09.30"]
[SourceQuality "1"]

1. e4 c5 2. Nf3 e6 3. c3 d5 4. exd5 exd5 5. d4 Nf6 6. Bg5 Be7 7. Bb5+ Bd7 8. Bxd7+ Nbxd7 9. Nbd2 0-0 10. 0-0 Re8 11. Re1 Nf8 12. Bxf6 Bxf6 13. Rxe8 Qxe8 14. dxc5 a5 15. a4 Ng6 16. Qf1 Qc8 17. Nb3 Qg4 18. h3 Qh5 19. Re1 Nf4 20. Re3 Qg6 21. g3 h5 22. Kh2 Ne6 23. Qd3 Qh6 24. Qf5 h4 25. Re2 hxg3+ 26. fxg3 Rd8 27. Kg2 b5 28. cxb6 Rb8 29. b7 Rxb7 30. Nc5 Rb6 31. Qxd5 Qc1 32. Nxe6 fxe6 33. Qa8+ Kh7 34. Qe4+ Kg8 35. Qc2 Qa1 36. g4 Qa2 37. g5 Be7 38. Rd2 e5 39. c4 e4 40. Qxe4 Rxb2 41. Qd5+ Kh8 42. g6 Rxd2+ 43. Nxd2 Qa3 44. Qh5+ Kg8 45. Qh7+ 1-0

[Event "DEN-chT 2122 59th"]
[Site "Denmark"]
[Date "2022.01.29"]
[Round "5.5"]
[White "Schmidt, Kresten"]
[Black "Simonsen, Carsten"]
[Result "1-0"]
[WhiteElo "2315"]
[BlackElo "2218"]
[PlyCount "63"]
[EventDate "2021.10.30"]
[EventType "team-tourn"]
[EventRounds "9"]
[EventCountry "DEN"]
[SourceTitle "EXT 2024"]
[Source "ChessBase"]
[SourceDate "2023.10.10"]
[SourceVersion "1"]
[SourceVersionDate "2023.10.10"]
[SourceQuality "1"]
[WhiteTeam "Nordkallotten"]
[BlackTeam "Obro"]
[WhiteTeamCountry "DEN"]
[BlackTeamCountry "DEN"]

1. e4 e5 2. Nf3 Nc6 3. Bb5 a6 4. Ba4 Nf6 5. 0-0 Be7 6. Re1 b5 7. Bb3 d6 8. c3 0-0 9. h3 Nb8 10. d4 Nbd7 11. Nbd2 Bb7 12. Bc2 Re8 13. Nf1 Bf8 14. Ng3 g6 15. a4 Bg7 16. Qd3 c6 17. Bg5 h6 18. Bd2 d5 19. exd5 Nxd5 20. Nxe5 Nxe5 21. dxe5 Rxe5 22. Rxe5 Bxe5 23. Bxh6 Qh4 24. Bd2 Rd8 25. Qf3 Nf6 26. Be3 Qc4 27. Bg5 Rd6 28. Re1 Nd7 29. Ne4 Re6 30. Rd1 Nc5 31. Nxc5 Qxc5 32. Bb3 1-0

[Event "DEN-chT 2122 59th"]
[Site "Denmark"]
[Date "2021.12.12"]
[Round "3.3"]
[White "Schmidt, Kresten"]
[Black "Palm, Nikolaj"]
[Result "1/2-1/2"]
[WhiteElo "2315"]
[BlackElo "2281"]
[PlyCount "65"]
[EventDate "2021.10.30"]
[EventType "team-tourn"]
[EventRounds "9"]
[EventCountry "DEN"]
[SourceTitle "EXT 2023"]
[Source "ChessBase"]
[SourceDate "2022.10.05"]
[SourceVersion "1"]
[SourceVersionDate "2022.10.05"]
[SourceQuality "1"]
[WhiteTeam "Nordkallotten"]
[BlackTeam "Bronshoj"]
[WhiteTeamCountry "DEN"]
[BlackTeamCountry "DEN"]

1. e4 e5 2. Nf3 Nc6 3. Bb5 a6 4. Ba4 Nf6 5. 0-0 Be7 6. Re1 b5 7. Bb3 d6 8. c3 0-0 9. h3 Na5 10. Bc2 c5 11. d4 Qc7 12. Nbd2 g6 13. Nf1 Nh5 14. Bh6 Re8 15. Ne3 Bb7 16. b4 cxd4 17. cxd4 Nc4 18. Rc1 d5 19. Nxd5 Bxd5 20. exd5 Bxb4 21. Rxe5 Nxe5 22. dxe5 Ba3 23. Rb1 Rxe5 24. Nxe5 Qxe5 25. Qd2 Bd6 26. g3 Re8 27. Rb3 Nf6 28. Re3 Qa1+ 29. Bd1 Rxe3 30. Bxe3 Ne4 31. Bd4 Nxd2 32. Bxa1 Kf8 33. Bc3 1/2-1/2

[Event "DEN-chT 2122 59th"]
[Site "Denmark"]
[Date "2021.10.31"]
[Round "2.4"]
[White "Pedersen, Nicolai Vesterbaek"]
[Black "Schmidt, Kresten"]
[Result "1/2-1/2"]
[WhiteElo "2365"]
[BlackElo "2315"]
[PlyCount "96"]
[EventDate "2021.10.30"]
[EventType "team-tourn"]
[EventRounds "9"]
[EventCountry "DEN"]
[SourceTitle "CBM 204 Extra"]
[Source "ChessBase"]
[SourceDate "2021.11.30"]
[SourceVersion "1"]
[SourceVersionDate "2021.11.30"]
[SourceQuality "1"]
[WhiteTeam "Skanderborg Nordea"]
[BlackTeam "Nordkallotten"]
[WhiteTeamCountry "DEN"]
[BlackTeamCountry "DEN"]

1. d4 Nf6 2. c4 g6 3. Nc3 Bg7 4. e4 d6 5. f3 0-0 6. Nge2 c6 7. Ng3 e5 8. d5 cxd5 9. cxd5 Qb6 10. Bd3 Na6 11. Qe2 Nc5 12. Bc2 Bd7 13. Rb1 a5 14. Be3 h5 15. Qd2 h4 16. Nge2 Nh5 17. 0-0 f5 18. exf5 gxf5 19. f4 exf4 20. Nxf4 Nxf4 21. Rxf4 h3 22. gxh3 Rae8 23. Bd4 Bxd4+ 24. Qxd4 Re7 25. Kh1 Rg7 26. h4 Rff7 27. h5 Qd8 28. h6 Rg5 29. Rg1 Rxg1+ 30. Qxg1+ Kh7 31. Ne2 Qf6 32. Nc3 b5 33. a3 Qe5 34. Qg3 Re7 35. Kg2 Re8 36. Qf2 Kh8 37. h7 Re7 38. Kf1 a4 39. Rg4 Rxh7 40. Rh4 Qf6 41. Rf4 Qe5 42. Rh4 Rxh4 43. Qxh4+ Kg7 44. Qg5+ Kf7 45. h4 Qf6 46. Qf4 Qe5 47. Qg5 Qf6 48. Qf4 Qe5 1/2-1/2

[Event "Helsingor Xtracon op"]
[Site "Helsingor"]
[Date "2019.07.28"]
[Round "10"]
[White "Malmstig, Erik"]
[Black "Schmidt, Kresten"]
[Result "1/2-1/2"]
[WhiteElo "2357"]
[BlackElo "2225"]
[PlyCount "130"]
[EventDate "2019.07.20"]
[EventType "swiss"]
[EventRounds "10"]
[EventCountry "DEN"]
[SourceTitle "CBM 191 Extra"]
[Source "ChessBase"]
[SourceDate "2019.09.30"]
[SourceVersion "1"]
[SourceVersionDate "2019.09.30"]
[SourceQuality "1"]

1. d4 Nf6 2. c4 g6 3. Nc3 Bg7 4. e4 d6 5. Nge2 0-0 6. Ng3 e5 7. d5 a5 8. Be2 Na6 9. h4 h5 10. Bg5 Qe8 11. Qd2 Nh7 12. Bh6 Bxh6 13. Qxh6 Qe7 14. 0-0-0 Qf6 15. Bf3 Nc5 16. Qe3 Bd7 17. Nf1 Qf4 18. Qxf4 exf4 19. Ne2 f5 20. exf5 Bxf5 21. Nxf4 Be4 22. Ne6 Bxf3 23. gxf3 Rxf3 24. Nxc5 dxc5 25. Re1 Rxf2 26. Rg1 Kf7 27. Nd2 Nf6 28. Rgf1 Re8 29. Rxf2 Rxe1+ 30. Kc2 Ke7 31. Rg2 Ng4 32. Kb3 Kd6 33. Ka4 b6 34. Nf3 Re4 35. b3 Rf4 36. Ng5 Kd7 37. Kb5 Ne3 38. Re2 Nf5 39. Ka6 Nd4 40. Rg2 Kd6 41. Kb7 Kd7 42. Rg1 Rf2 43. Nh7 Rf7 44. Ng5 Re7 45. Rf1 Nf5 46. Ne6 Rf7 47. Kb8 Kd6 48. Kb7 Re7 49. Nf8 c6+ 50. Kxb6 cxd5 51. Nxg6 Rf7 52. cxd5 Rf6 53. Kxa5 Rxg6 54. Rxf5 Rg2 55. a3 Rg3 56. Ka4 Rg4+ 57. b4 cxb4 58. axb4 Rxh4 59. Ka5 Rh1 60. Kb6 h4 61. Rh5 h3 62. b5 h2 63. Rh6+ Kxd5 64. Kb7 Rb1 65. Rxh2 Rxb5+ 1/2-1/2

[Event "Helsingor Xtracon op"]
[Site "Helsingor"]
[Date "2019.07.26"]
[Round "8"]
[White "Schmidt, Kresten"]
[Black "Rostgaard, Tobias Valentin"]
[Result "1/2-1/2"]
[WhiteElo "2225"]
[BlackElo "2390"]
[PlyCount "115"]
[EventDate "2019.07.20"]
[EventType "swiss"]
[EventRounds "10"]
[EventCountry "DEN"]
[SourceTitle "CBM 191 Extra"]
[Source "ChessBase"]
[SourceDate "2019.09.30"]
[SourceVersion "1"]
[SourceVersionDate "2019.09.30"]
[SourceQuality "1"]

1. e4 e5 2. Nf3 Nc6 3. Bc4 Nf6 4. d4 exd4 5. 0-0 Nxe4 6. Re1 d5 7. Bxd5 Qxd5 8. Nc3 Qa5 9. Nxe4 Be6 10. Bd2 Bb4 11. Bxb4 Qxb4 12. a3 Qc4 13. b3 Qb5 14. Nxd4 Nxd4 15. Qxd4 0-0 16. Qc5 Qb6 17. Rad1 h6 18. b4 Rae8 19. Re3 Bc8 20. Rde1 Qxc5 21. Nxc5 Rxe3 22. Rxe3 Rd8 23. Rd3 Re8 24. Re3 Rxe3 25. fxe3 Kf8 26. Kf2 Ke7 27. e4 Kd6 28. Ke3 b6 29. Nd3 c5 30. bxc5+ bxc5 31. c4 Be6 32. Nb2 g5 33. g3 f6 34. Kf3 Bh3 35. Ke3 Bg2 36. Nd3 a6 37. Nb2 a5 38. Nd3 Bh3 39. Kf3 h5 40. Ke3 Bd7 41. Nb2 Bc6 42. h4 Bd7 43. Kf3 Be8 44. Ke3 Bc6 45. Nd3 Ba4 46. e5+ fxe5 47. hxg5 Be8 48. Nf2 Bg6 49. Ne4+ Kc6 50. Kf3 Bf7 51. Nf6 Bxc4 52. g6 Kd6 53. g7 Ke7 54. g8Q Bxg8 55. Nxg8+ Kf7 56. Nh6+ Kg6 57. Ng8 Kf7 58. Nh6+ 1/2-1/2

[Event "Helsingor Xtracon op"]
[Site "Helsingor"]
[Date "2019.07.22"]
[Round "4"]
[White "Bjerre, Jonas Buhl"]
[Black "Schmidt, Kresten"]
[Result "1/2-1/2"]
[WhiteElo "2503"]
[BlackElo "2225"]
[PlyCount "63"]
[EventDate "2019.07.20"]
[EventType "swiss"]
[EventRounds "10"]
[EventCountry "DEN"]
[SourceTitle "CBM 191 Extra"]
[Source "ChessBase"]
[SourceDate "2019.09.30"]
[SourceVersion "1"]
[SourceVersionDate "2019.09.30"]
[SourceQuality "1"]

1. e4 g6 2. d4 Bg7 3. Nc3 d6 4. Be3 a6 5. Qd2 b5 6. h4 h6 7. f3 Nd7 8. g4 Ngf6 9. Nge2 Nb6 10. Ng3 h5 11. g5 Nfd7 12. a4 b4 13. Nd1 a5 14. Nf2 c5 15. c3 bxc3 16. bxc3 0-0 17. Bb5 Ba6 18. Bxa6 Rxa6 19. Qe2 Qc8 20. 0-0 cxd4 21. cxd4 Nc4 22. Rac1 Rc6 23. d5 Rc7 24. Bf4 Ndb6 25. Rc2 Qd7 26. Rfc1 Rfc8 27. Nf1 Ne5 28. Rxc7 Rxc7 29. Rxc7 Qxc7 30. Bxe5 Bxe5 31. Qb5 Bd4 32. Qxa5 1/2-1/2

[Event "Bronshoj Lang Weekend"]
[Site "Copenhagen"]
[Date "2019.02.10"]
[Round "4"]
[White "Holmsgaard, Henrik"]
[Black "Schmidt, Kresten"]
[Result "1/2-1/2"]
[WhiteElo "2239"]
[BlackElo "2213"]
[PlyCount "90"]
[EventDate "2019.02.08"]
[EventType "swiss"]
[EventRounds "7"]
[EventCountry "DEN"]
[SourceTitle "CBM 189 Extra"]
[Source "ChessBase"]
[SourceDate "2019.06.03"]
[SourceVersion "1"]
[SourceVersionDate "2019.06.03"]
[SourceQuality "1"]

1. e4 c5 2. c3 Nf6 3. e5 Nd5 4. Nf3 Nc6 5. d4 cxd4 6. cxd4 d6 7. Bc4 e6 8. 0-0 Be7 9. Re1 0-0 10. a3 a6 11. Ba2 b5 12. Bd2 dxe5 13. dxe5 b4 14. Bc4 Bb7 15. axb4 Ncxb4 16. Qb3 a5 17. Rd1 Qc7 18. Bxb4 Bxb4 19. Nbd2 Rfc8 20. Bd3 Nf4 21. Be4 Rab8 22. Qe3 Bxe4 23. Nxe4 Nd5 24. Qg5 h6 25. Qg3 Qc2 26. Nf6+ Nxf6 27. exf6 Qg6 28. fxg7 Qxg3 29. hxg3 Rc2 30. Rac1 Rbc8 31. Rd8+ Rxd8 32. Rxc2 Kxg7 33. Ne5 Rd1+ 34. Kh2 Rd5 35. f4 h5 36. Rc7 Bd6 37. Rxf7+ Kg8 38. Ra7 Bxe5 39. fxe5 Rxe5 40. Kh3 Rg5 41. Kh4 Rg4+ 42. Kxh5 Rxg3 43. Rxa5 Rxg2 44. Rg5+ Rxg5+ 45. Kxg5 Kf7 1/2-1/2

[Event "DEN-chT 1819 57th"]
[Site "Denmark"]
[Date "2019.01.13"]
[Round "6.2"]
[White "Pedersen, Nicolai Vesterbaek"]
[Black "Schmidt, Kresten"]
[Result "1-0"]
[WhiteElo "2396"]
[BlackElo "2242"]
[PlyCount "45"]
[EventDate "2018.10.27"]
[EventType "team-tourn"]
[EventRounds "9"]
[EventCountry "DEN"]
[SourceTitle "CBM 188 Extra"]
[Source "ChessBase"]
[SourceDate "2019.02.26"]
[SourceVersion "1"]
[SourceVersionDate "2019.02.26"]
[SourceQuality "1"]
[WhiteTeam "Skanderborg Nordea"]
[BlackTeam "Nordkalotten"]
[WhiteTeamCountry "DEN"]
[BlackTeamCountry "DEN"]

1. d4 Nf6 2. c4 g6 3. Nc3 Bg7 4. e4 d6 5. f3 0-0 6. Nge2 c5 7. d5 e6 8. Ng3 exd5 9. cxd5 Nbd7 10. Be2 h5 11. Bg5 Qb6 12. Qd2 Nh7 13. Bh4 Ne5 14. 0-0 Re8 15. h3 Qb4 16. f4 Nc4 17. Bxc4 Qxc4 18. Kh1 Bd7 19. f5 Qd4 20. Qf4 Qe5 21. fxg6 fxg6 22. Qf7+ Kh8 23. Qxd7 1-0

[Event "DEN-chT 1819 57th"]
[Site "Denmark"]
[Date "2019.01.12"]
[Round "5.3"]
[White "Schmidt, Kresten"]
[Black "Ostergaard, Jens"]
[Result "0-1"]
[WhiteElo "2242"]
[BlackElo "2225"]
[PlyCount "64"]
[EventDate "2018.10.27"]
[EventType "team-tourn"]
[EventRounds "9"]
[EventCountry "DEN"]
[SourceTitle "CBM 188 Extra"]
[Source "ChessBase"]
[SourceDate "2019.02.26"]
[SourceVersion "1"]
[SourceVersionDate "2019.02.26"]
[SourceQuality "1"]
[WhiteTeam "Nordkalotten"]
[BlackTeam "Hillerod"]
[WhiteTeamCountry "DEN"]
[BlackTeamCountry "DEN"]

1. e4 c5 2. Nf3 Nc6 3. Bb5 g6 4. 0-0 Bg7 5. Re1 e5 6. c3 Nge7 7. Na3 0-0 8. d3 d6 9. Nc2 a6 10. Bxc6 Nxc6 11. h3 d5 12. exd5 Qxd5 13. Ne3 Qd8 14. Nc4 Qc7 15. Be3 b6 16. a4 Bf5 17. a5 b5 18. Nb6 Rad8 19. Bxc5 Rxd3 20. Qe2 Rfd8 21. Be3 h6 22. Nd2 e4 23. Nb3 Bf8 24. Bc5 Nxa5 25. Rxa5 Bxc5 26. Nxc5 Qxc5 27. Rxa6 R8d6 28. g4 Be6 29. Qxe4 Rxh3 30. Kg2 Rh4 31. Qe3 Rxg4+ 32. Kh2 Qh5+ 0-1

[Event "Helsingor Xtracon op"]
[Site "Helsingor"]
[Date "2017.07.29"]
[Round "9"]
[White "Martinovic, Sasa"]
[Black "Schmidt, Kresten"]
[Result "1-0"]
[WhiteElo "2570"]
[BlackElo "2201"]
[PlyCount "71"]
[EventDate "2017.07.22"]
[EventType "swiss"]
[EventRounds "10"]
[EventCountry "DEN"]
[SourceTitle "CBM 179 Extra"]
[Source "ChessBase"]
[SourceDate "2017.08.23"]
[SourceVersion "1"]
[SourceVersionDate "2017.08.23"]
[SourceQuality "1"]

1. d4 g6 2. c4 Bg7 3. e4 d6 4. Nc3 Nd7 5. Bg5 h6 6. Be3 e5 7. Nge2 Ne7 8. g3 exd4 9. Nxd4 Ne5 10. h3 a6 11. f4 c5 12. Nc2 N5c6 13. Qd2 Be6 14. Rd1 0-0 15. Be2 Kh7 16. g4 b5 17. Qxd6 Qa5 18. Kf2 Bxc4 19. Bxc4 bxc4 20. Qxc5 Bxc3 21. bxc3 Qxc3 22. Rd2 Rfd8 23. Rhd1 Rxd2+ 24. Rxd2 Rb8 25. Qa3 Qf6 26. Qxa6 Qe6 27. e5 Rb2 28. Rd6 Rxc2+ 29. Ke1 Nb4 30. Rxe6 Nxa6 31. Rxe7 Nb4 32. Rxf7+ Kg8 33. e6 Nd5 34. Rd7 Nxe3 35. Rd8+ Kg7 36. e7 1-0

[Event "Helsingor Xtracon op"]
[Site "Helsingor"]
[Date "2017.07.27"]
[Round "7"]
[White "Vesterli, Michael"]
[Black "Schmidt, Kresten"]
[Result "1/2-1/2"]
[WhiteElo "2073"]
[BlackElo "2201"]
[PlyCount "104"]
[EventDate "2017.07.22"]
[EventType "swiss"]
[EventRounds "10"]
[EventCountry "DEN"]
[SourceTitle "CBM 179 Extra"]
[Source "ChessBase"]
[SourceDate "2017.08.23"]
[SourceVersion "1"]
[SourceVersionDate "2017.08.23"]
[SourceQuality "1"]

1. d4 g6 2. e4 Bg7 3. c4 d6 4. Nc3 Nd7 5. Be3 e5 6. d5 Ne7 7. g4 0-0 8. Nf3 Nf6 9. h3 c6 10. Bd3 cxd5 11. cxd5 Bd7 12. a4 a6 13. Qb3 b5 14. axb5 axb5 15. Ke2 Rb8 16. Ra7 Nc8 17. Ra6 Ne8 18. Rg1 Nc7 19. Raa1 Nb6 20. Qb4 Re8 21. Ra7 Nc8 22. Ra5 Qe7 23. Rc1 Kh8 24. Na2 Nxd5 25. exd5 e4 26. Bxe4 Qxe4 27. Qxe4 Rxe4 28. Rc7 Be8 29. Nc3 Rb4 30. Ra2 h6 31. Kd3 Kg8 32. Nd4 Nb6 33. Nc6 Bxc6 34. dxc6 Nc4 35. Rb7 Ne5+ 36. Kc2 Rc8 37. c7 Rc4 38. Bb6 Nd7 39. Ba5 d5 40. Kb1 Bxc3 41. bxc3 Kg7 42. Rxb5 Nf6 43. Rb8 R8xc7 44. Bxc7 Rxc7 45. Rc2 Ne4 46. Kb2 Nc5 47. Ka3 Ne4 48. Kb4 Rc4+ 49. Kb3 Nc5+ 50. Kb2 Na4+ 51. Kb3 Nc5+ 52. Kb2 Na4+ 1/2-1/2

[Event "DEN-chT 1617 55th"]
[Site "Denmark"]
[Date "2017.01.08"]
[Round "5.5"]
[White "Skytte, Rasmus"]
[Black "Schmidt, Kresten"]
[Result "1-0"]
[WhiteElo "2398"]
[BlackElo "2215"]
[PlyCount "67"]
[EventDate "2016.10.29"]
[EventType "team-tourn"]
[EventRounds "9"]
[EventCountry "DEN"]
[SourceTitle "EXT 2018"]
[Source "ChessBase"]
[SourceDate "2017.10.13"]
[SourceVersion "1"]
[SourceVersionDate "2017.10.13"]
[SourceQuality "1"]
[WhiteTeam "Aarhus/Skolerne"]
[BlackTeam "Valby K41"]
[WhiteTeamCountry "DEN"]
[BlackTeamCountry "DEN"]

1. e4 c5 2. Nc3 Nc6 3. Bb5 e6 4. Bxc6 bxc6 5. d3 d5 6. f4 Nf6 7. Nf3 Be7 8. 0-0 0-0 9. Qe2 a5 10. e5 Nd7 11. Kh1 f6 12. exf6 Rxf6 13. Bd2 Bd6 14. Ne5 Qc7 15. Ng4 Rf7 16. Rae1 Nb6 17. Ne5 Rf8 18. Rf3 Nd7 19. Na4 Nxe5 20. fxe5 Be7 21. Rxf8+ Bxf8 22. c4 Bd7 23. Qg4 Re8 24. h3 Bc8 25. Qe2 Be7 26. Rf1 Bd7 27. Qh5 g6 28. Qe2 Bf8 29. b3 Bc8 30. Bg5 Bd7 31. Qe1 Ra8 32. Qf2 Bg7 33. Qf7+ Kh8 34. Bf6 1-0